Statistics for Most 1,000 Yard Receiving Seasons

Click here to take the quiz!

General Stats

  • This quiz has been taken 22 times
  • The average score is 17 of 25

Answer Stats

YearsPlayer% Correct
10Randy Moss
100%
7Andre Johnson
95%
7Calvin Johnson
95%
7Chad Johnson
95%
14Jerry Rice
95%
7Julio Jones
82%
9Terrell Owens
82%
7Antonio Brown
77%
9Tim Brown
77%
9Jimmy Smith
73%
9Larry Fitzgerald
73%
8Marvin Harrison
73%
8Rod Smith
73%
8Steve Smith Sr.
73%
8Torry Holt
68%
8Cris Carter
64%
8Isaac Bruce
59%
8Mike Evans
59%
8Reggie Wayne
59%
8Steve Largent
59%
7Michael Irvin
55%
8Brandon Marshall
32%
8Derrick Mason
32%
7Donald Driver
32%
7Anquan Boldin
23%

Score Distribution

Percentile by Number Answered

Percent of People with Each Score

Your Score History

You have not taken this quiz